| 000 | 01295cam a2200325 a 4500 | ||
|---|---|---|---|
| 001 | 13147942 | ||
| 003 | OSt | ||
| 005 | 20160505181112.0 | ||
| 008 | 030404s2003 enka 001 0 eng | ||
| 010 | _a 2003048571 | ||
| 020 | _a0521525360 | ||
| 040 |
_aDLC _cDLC _dDLC |
||
| 050 | 0 | 0 |
_aQD461 _b.A83 2003 |
| 082 | 0 | 0 |
_a541.2 _221 _bATK 2001 |
| 100 | 1 |
_aAtkins, Peter _d1940- _98506 |
|
| 245 | 1 | 0 |
_aAtkins' molecules / _cPeter Atkins. |
| 250 | _a2nd ed. | ||
| 260 |
_aCambridge, U.K. ; _aNew York : _bCambridge University Press, _c2001. |
||
| 300 |
_aviii, 235 p. : _bcol.ill; _c26 cm. |
||
| 500 | _aRev. ed. of: Molecules. 1987. | ||
| 500 | _aIncludes index. | ||
| 650 | 0 |
_aMolecular structure. _98507 |
|
| 650 | 0 |
_aMolecules. _98508 |
|
| 856 | 4 | 2 |
_3Publisher description _uhttp://www.loc.gov/catdir/description/cam032/2003048571.html |
| 856 | 4 | 1 |
_3Table of contents _uhttp://www.loc.gov/catdir/toc/cam032/2003048571.html |
| 856 | 4 | 2 |
_3Contributor biographical information _uhttp://www.loc.gov/catdir/enhancements/fy0732/2003048571-b.html |
| 906 |
_a7 _bcbc _corignew _d1 _eocip _f20 _gy-gencatlg |
||
| 942 |
_2ddc _cSLOAN |
||
| 999 |
_c3876 _d3876 |
||